AS Roma Trivia - Statistics

General Stats
  • This quiz has been taken 533 times
    350 since last reset
  • The average score is 15 of 19
Answer Stats
Question Answer % Correct
Which Italian holds the record for most Roma appearances with 786? Francesco Totti
98%
Which Italian is Roma’s all-time record goalscorer with 307? Francesco Totti
98%
Which three Roma players were part of Italy’s 2006 FIFA World Cup winning team? Francesco Totti
98%
With which club does Roma contest the Derby della Capitale? Lazio
97%
Who is the current head coach of Roma? José Mourinho
94%
What is the name of Roma’s stadium? Stadio Olimpico
94%
Who is Roma’s record signing, joining Liverpool for £56.25m in 2018? Alisson Becker
87%
Who is the current captain of Roma? Lorenzo Pellegrini
87%
Which three Roma players were part of Italy’s 2006 FIFA World Cup winning team? Daniele De Rossi
86%
What is Roma’s nickname, which translates into English as “The Yellow and Reds”? I {Giallorossi}
83%
Who was the last Roma player to win the Serie A Golden Boot, after scoring 29 goals in the 2016/17 season? Edin Džeko
82%
Which club did Roma beat in the 2022 UEFA Europa Conference League Final? Feyenoord
81%
In 1984, which club did Roma play in their only European Cup Final to date? Liverpool
69%
Which three Brazilians were the first non-Italians to be inducted into the Roma Hall of Fame in 2012? Cafu
68%
Who was Roma manager as they won the 2000-01 Serie A title? Fabio Capello
66%
Who is Roma’s record signing, arriving from Sampdoria for £37.8m in 2018? Patrik Schick
64%
Which two players have won the European Golden Shoe whilst playing for Ajax? Aldair
51%
Which three Roma players were part of Italy’s 2006 FIFA World Cup winning team? Simone Perrotta
51%
Which two players have won the European Golden Shoe whilst playing for Ajax? Falcão
43%
No matching quizzes found
Score Distribution
Percent of People with Each Score
Percentile by Number Answered
Your Score History
You have not taken this quiz since the last reset